000
00319nam a2200145Ia 4500
003
OSt
008
191201s2019 xx 000 0 und d
082
_a
658.802
_b
JOE
100
_a
JOSEPH, P T
245
0
_a
E Commerce: An Indian Perspective
260
_b
PHI
_c
2019
300
_a
538
650
_a
BBA
942
_2
ddc
_c
BK
999
_c
6949
_d
6949